Horizontes [dvd] : ciencias naturales ii :
Guardado en:
| Formato: | Libro |
|---|---|
| Publicado: |
Buenos Aires :
Canal Encuentro, s/f.
|
| Materias: | |
| Etiquetas: |
Agregar Etiqueta
Sin Etiquetas, Sea el primero en etiquetar este registro!
|
| LEADER | 01270nam a22001695a 4500 | ||
|---|---|---|---|
| 001 | CEM.cems018067 | ||
| 005 | 20130910103839.0 | ||
| 008 | 130507b######################000#0#####d | ||
| 003 | CEMS | ||
| 082 | 0 | 4 | |a DVD570 |
| 245 | 0 | 0 | |a Horizontes [dvd] : |b ciencias naturales ii : |
| 260 | |a Buenos Aires : |b Canal Encuentro, s/f. | ||
| 300 | |a 1 DVD | ||
| 500 | |a La naturaleza está a nuestro alcance. Hacemos uso de sus recursos, disfrutamos sus paisajes, habitamos sus ambientes. Podemos enriquecer esa experiencia al comprender sus fenómenos, sus leyes y sus enigmas. Una propuesta con la teoría y la práctica justa para aprender y apreciar cada día mejor las fuentes de energía, los ecosistemas, el cuerpo humano, los fósiles, los microorganismos, el sistema solar, la Luna, los cambios climáticos, los instrumentos que utilizan los científicos para acercarse al conocimiento y todos los temas que interesan en Ciencias naturales.emitido por Canal Encuentro | ||
| 505 | 0 | |a Electromagnetismo y máquinas -- Actividad física y deportes -- El magnetismo terrestre -- Historia de las medidas -- Las mutaciones -- El vuelo -- La temperatura y nuestra vestimenta -- Estática | |
| 653 | |a Ciencias naturales | ||
| 859 | |a CEMS |b BIB. CEMS - Agricultura |h DVD570 |i Ar37-3 |p A0042.013 |t Ej.1 |v II |3 II | ||
